International valuation standards 2005 (Record no. 104138)
[ view plain ]
| 000 -LEADER | |
|---|---|
| fixed length control field | 02338cam a2200385 4500 |
| 001 - CONTROL NUMBER | |
| control field | L129292 |
| 008 - FIXED-LENGTH DATA ELEMENTS--GENERAL INFORMATION | |
| fixed length control field | 050408n2005 000 0 eng u |
| 020 ## - INTERNATIONAL STANDARD BOOK NUMBER | |
| International Standard Book Number | 092215483X |
| 035 ## - SYSTEM CONTROL NUMBER | |
| System control number | (Sirsi) u129292 |
| 041 ## - LANGUAGE CODE | |
| Language code of text/sound track or separate title | eng |
| 050 ## - LIBRARY OF CONGRESS CALL NUMBER | |
| Classification number | 333.332091 |
| -- | 18 |
| 110 ## - MAIN ENTRY--CORPORATE NAME | |
| Corporate name or jurisdiction name as entry element | International Valuation Standards Committee |
| 9 (RLIN) | 3611 |
| 245 ## - TITLE STATEMENT | |
| Title | International valuation standards 2005 |
| 250 ## - EDITION STATEMENT | |
| Edition statement | 7th ed. |
| 260 ## - PUBLICATION, DISTRIBUTION, ETC. | |
| Place of publication, distribution, etc. | London |
| Name of publisher, distributor, etc. | International Valuation Standards Committee |
| Date of publication, distribution, etc. | 2005 |
| 300 ## - PHYSICAL DESCRIPTION | |
| Extent | xvi, 459p. |
| Dimensions | 21cm. |
| 350 ## - PRICE (NR) (BK AM CF MU VM SE) [OBSOLETE] | |
| Price | 35.00 |
| 490 ## - SERIES STATEMENT | |
| Series statement | International Valuation Standards |
| Volume/sequential designation | 2005 |
| 490 ## - SERIES STATEMENT | |
| Series statement | International Valuation Applications |
| 490 ## - SERIES STATEMENT | |
| Series statement | ISVC Guidance Notes |
| 505 ## - FORMATTED CONTENTS NOTE | |
| Formatted contents note | Introduction. |
| 505 ## - FORMATTED CONTENTS NOTE | |
| Formatted contents note | General valuation concepts and principles. |
| 505 ## - FORMATTED CONTENTS NOTE | |
| Formatted contents note | Code of conduct. |
| 505 ## - FORMATTED CONTENTS NOTE | |
| Formatted contents note | Property types. |
| 505 ## - FORMATTED CONTENTS NOTE | |
| Formatted contents note | International valuation standards: IVS1 market value basis of valuation; IVS2 valuation bases other than market value; IVS3 valuation reporting. |
| 505 ## - FORMATTED CONTENTS NOTE | |
| Formatted contents note | International valuation applications: IVA1 valuation for financial reporting; IVA2 valuation for lending purposes. |
| 505 ## - FORMATTED CONTENTS NOTE | |
| Formatted contents note | Guidance notes: GN1 real property valuation; GN2 valuation of lease interests; GN3 valuation of plant and equipment; GN4 valuation of intangible assets; GN5 valuation of personal property; GN6 business valuation; GN7 consideration of hazardous and toxic substances in valuation; GN8 depreciated replacement cost (DRC); GN9 discounted cash flow (DCF) analysis for market and non-market based valuations; GN10 valuation of agricultural properties; GN11 reviewing valuations; GN12 valuation of specialised trading property; GN13 Mass appraisal for property taxation; GN14 Valuation of properties in the extractive industries |
| 505 ## - FORMATTED CONTENTS NOTE | |
| Formatted contents note | White paper: valuation in emerging markets. |
| 505 ## - FORMATTED CONTENTS NOTE | |
| Formatted contents note | Glossary of terms for IVS. |
| 520 ## - SUMMARY, ETC. | |
| Summary, etc. | "International valuation standards 2005" may be viewed online free of charge following registration. IVSC authorises you to view and download a single copy solely for your personal, non-commercial use. View at www.ivsc.org/standards/index.html. |
| 520 ## - SUMMARY, ETC. | |
| Summary, etc. | Superseded by eighth edition (ISBN 9780922154944). |
| 856 ## - ELECTRONIC LOCATION AND ACCESS | |
| Uniform Resource Identifier | <a href="https://www.ivsc.org/standards/index.html">https://www.ivsc.org/standards/index.html</a> |
| Public note | View "International valuation standards 2005" on the IVSC website... |
| 942 ## - ADDED ENTRY ELEMENTS (KOHA) | |
| Suppress in OPAC | 0 |
| Withdrawn status | Lost status | Source of classification or shelving scheme | Damaged status | Not for loan | Home library | Current library | Shelving location | Date acquired | Cost, normal purchase price | Total Checkouts | Full call number | Barcode | Date last seen | Copy number | Cost, replacement price | Price effective from | Koha item type |
|---|---|---|---|---|---|---|---|---|---|---|---|---|---|---|---|---|---|
| Dewey Decimal Classification | London | London | Basement | 12/04/2005 | 29.75 | RESERVE | 30063486 | 06/08/2019 | 1 | 29.75 | 06/08/2019 | Reference material |